Southville International School and Colleges
Your cart is empty.
  • Cart
  • Lists
    Public lists Eva Luna New books Lux_list list_1
    Your lists Log in to create your own lists
  • Log in to your account
  • Your cookies
  • Search history
Southville International School and Colleges
  • Advanced search
  • Recent comments
  • Most popular
  • Libraries

Log in to your account

Log in with GOOGLE


If you do not have an external account, but do have a local account, you can still log in:

  1. Home
  2. MARC view: The god of small things :
Normal view MARC view ISBD view

The god of small things : (Record no. 11425)

[ view plain ]
MARC details
000 -LEADER
fixed length control field 00654nam a22002297a 4500
003 - CONTROL NUMBER IDENTIFIER
control field PILC
005 - DATE AND TIME OF LATEST TRANSACTION
control field 20160204102156.0
008 - FIXED-LENGTH DATA ELEMENTS--GENERAL INFORMATION
fixed length control field 121116t xxu||||| |||| 00| 0 eng d
020 ## - INTERNATIONAL STANDARD BOOK NUMBER
International Standard Book Number 9780060977498
050 ## - LIBRARY OF CONGRESS CALL NUMBER
Classification number PR 9499.3
Item number .R59G63 1967
082 ## - DEWEY DECIMAL CLASSIFICATION NUMBER
Classification number FIC
Item number R81g 1997
100 ## - MAIN ENTRY--PERSONAL NAME
Personal name Roy, Arundhati
9 (RLIN) 20190
245 ## - TITLE STATEMENT
Title The god of small things :
Statement of responsibility, etc Arundhati Roy
Remainder of title a novel
260 ## - PUBLICATION, DISTRIBUTION, ETC. (IMPRINT)
Place of publication, distribution, etc New York :
Name of publisher, distributor, etc Harper Perennial,
Date of publication, distribution, etc c1998.
300 ## - PHYSICAL DESCRIPTION
Extent 321 p. :
Dimensions 20 cm.
562 ## - COPY AND VERSION IDENTIFICATION NOTE
Number of copies 1
650 ## - SUBJECT ADDED ENTRY--TOPICAL TERM
Topical term or geographic name as entry element Social classes
General subdivision India
-- Fiction.
9 (RLIN) 20191
650 ## - SUBJECT ADDED ENTRY--TOPICAL TERM
Topical term or geographic name as entry element Twins
General subdivision Fiction.
9 (RLIN) 20192
650 ## - SUBJECT ADDED ENTRY--TOPICAL TERM
Topical term or geographic name as entry element India
General subdivision Fiction
9 (RLIN) 20193
942 ## - ADDED ENTRY ELEMENTS (KOHA)
Source of classification or shelving scheme Library of Congress Classification
Koha item type Books
Holdings
Withdrawn status Lost status Source of classification or shelving scheme Damaged status Home library Current library Shelving location Date acquired Total Checkouts Full call number Barcode Date last seen Date checked out Copy number Price effective from Koha item type
    Library of Congress Classification   Luxembourg Library Luxembourg Library Fiction Section 09/16/2013 1 PR 9499.3 .R59G63 1967 7749 02/20/2018 01/18/2018 1 09/16/2013 Books

The god of small things :

APA

Roy A., . (1998). The god of small things. New York: Harper Perennial.

Chicago

Roy Arundhati, . 1998. The god of small things. New York: Harper Perennial.

Harvard

Roy A., . (1998). The god of small things. New York: Harper Perennial.

MLA

Roy Arundhati, . The god of small things. New York: Harper Perennial. 1998.

  • Place hold
  • Print
  • Cite
  • Add to your cart (remove)
  • Save record
    BIBTEX Dublin Core MARCXML MARC (non-Unicode/MARC-8) MARC (Unicode/UTF-8) MARC (Unicode/UTF-8, Standard) MODS (XML) RIS
  • More searches
    Search for this title in:
    Other Libraries (WorldCat) Other Databases (Google Scholar) Online Stores (Bookfinder.com) Open Library (openlibrary.org)

Exporting to Dublin Core...

SOUTHVILLE LIBRARY

Southville International School and Colleges Library

1281 Tropical Ave. Cor. Luxembourg St., BF Homes International, Las Pinas City

Tel. No. 8256374 / 252358 Loc. 117/146

Powered by Koha